| 000 | 00661nam a2200265Ia 4500 | ||
|---|---|---|---|
| 008 | 180803s9999 xx 000 0 und d | ||
| 020 | _a9780545496582 | ||
| 050 | _bC639 1996 | ||
| 100 | _aClimo, Shirley | ||
| 245 | 4 | _aThe irish cinderlad / | |
| 245 | 0 | _cby Shirley Climo ; illustrated by Loretta Krupinski. | |
| 260 | _aBroadway, New York : | ||
| 260 | _bScholastic, | ||
| 260 | _c1996 | ||
| 300 | _aunpaged : | ||
| 300 | _bcolored ; | ||
| 300 | _c25cm. | ||
| 500 | _a730 | ||
| 650 | _aFairytales. | ||
| 650 | _aFolklore. | ||
| 650 | _aIreland -- | ||
| 650 | _xJuvenile Literature. | ||
| 700 | _aKrupinski, Loretta. | ||
| 700 | _aTitle. | ||
| 999 |
_c358256 _d358256 |
||